Statystyki dla Lepszy Wielki Quiz o Gothicu

Kliknij tutaj aby rozwiązać quiz!

Ogólne statystyki

  • Ten quiz został rozwiązany 230 razy
  • Średni wynik to 5 z 20

Statystyki odpowiedzi

PytanieOdpowiedz% Poprawnych
"Kto niegdyś bronił mieszkańców Jarkendaru przed wrogimi atakami?"Kasta Wojowników
86%
Kto zadawał głównemu bohaterowi powyższe pytanie?Quahodron
72%
Jaką broń można znaleść w grobowcu tej postaci?Magiczna Kusza
52%
Jaka broń jest najlepszym mieczem jednoręcznym? [Gothic 1]Miecz Blizny
51%
Kto był synem tej postaci?Rademes
45%
Kto Dubbinguje Bezimiennego?Jacek Mikołajczak
42%
Ile musimyn mieć reputacji u Assasynów aby kupić pancerz Assasyna?25
40%
jak nazywa się najważniejsza Kasta w Bractwie?Guru
40%
Jaka jest wartość sprzedaży tej broni?2000
37%
Kto ukrywa się za wodospadami w Silden?Guru
20%
W grobowcu którego przodka znajduje się artefakt Adanosa?Akascha
13%
Jak nazywa się martwy łowca orków leżacy przed obozem? [Mroczne Tajemnice]Majewski Show
9%
Kto zabija Gomeza [Machinima:"Lord Edmund"]Kruk
8%
Kto może ją od nas odkupić? [Returning 2.0]Raff
7%
Kto zleca nam zabicie właściciela miecza z poprzedniego pytania? [Edycja Rozszerzona]Orik
4%
Co musimy ukraść na zlecenie tej organizacji? [Z życia złodzieja]Rubin Bonora
3%
Do jakiej organizacji złodziejskiej należy protagonista? [Z życia złodzieja]Stowarzyszenie
3%
Kto ukrywa się w wieży przy bramie do zamku? [Dolina Zombie]Wrzód
3%
Kupujesz 2 Topory Marynarskie i 1 Gin. Ile płacisz? [Gothic 2 NK]1216
2%
Kto diluje konopią i Burakami? [Podróżnik- za liniami wroga]Wowan Biały
2%

Rozkład punktacji

Percentyl według liczby udzielonych odpowiedzi

Procent ludzi z każdym wynikiem

Twoja historia wyników

Nie rozwiązałeś tego quizu